000 06676cam a22018494i 4500
003 PE-LiUPU
005 20250813165816.0
008 150706s2009 xxua rb 000 0 eng d
020 _a0781780551
020 _a9780781780551
035 _a(Sirsi) i9780781780551
040 _aPE-LiUPU
_bspa
_cPE-LiUPU
_dPE-LiUPU
_erda
049 _aPRUA
082 0 4 _a610.7362
_bS29
_221
100 1 _aScott Ricci, Susan,
_eautor.
245 1 0 _aMaternity and pediatric nursing /
_cSusan Scott Ricci, Terri Kyle.
264 1 _aPhiladelphia :
_bWolters Kluwer Health,
_c2009.
300 _a1902 páginas :
_bilustraciones ;
_c29 centímetros
300 _a1 CD-ROM
336 _atext
_2rdacontent
337 _aunmediated
_2rdamedia
338 _avolume
_2rdacarrier
504 _aIncluye referencias Bibliográficas.
505 0 _aPerspectives on Maternal and Child Health Care -- Family-Centered Community-Based- care -- Anatomy and Physiology of the Reproductive System -- Common Reproductive Issues -- Sexually Transmitted Infections -- Disorders of the Breasts -- Benign Disorders of the Female -- Reproductive -- Tract -- Cancers of the Female Reproductive Tract -- Violence and Abuse -- Fetal Development and Genetics -- Maternal Adaptation during Pregnancy -- Nursing Management during Pregnancy -- Labor and Birth Process -- Nursing Management during Labor and Birth -- Postpartum Adaptations -- Nursing Management during the Postpartum Period -- Newborn Adaptation -- Nursing Management of the Newborn -- Nursing Management of Pregnancy at Risk: Pregnancy-Related Complications -- Nursing Management of the Pregnancy AT Risk: Selected Health Conditions and Vulnerable populations -- Nursing Management of labor and Birth at Risk -- Nursing Management of the Postpartum Woman at Risk -- Nursing Care of the Newborn With special Needs -- Nursing Management of the Newborn al Risk: Acquired and Congenital Newborn Conditions -- Growth and Development of the Newborn and Infant -- Growth and Development of the Toddler -- Growth and Development of the Preschooler -- Growly and Development of the Adolescent -- Health supervision -- Health Assessment of Children Nursing care of Children During lllness and Hospitalization -- Medication Administration, Intravenous Therapy and Nutritional Support -- Pain Management in Children -- Nursing Care of the Child with an Infectious or Communicable Disorder -- Nursing Care of the Child with a Neurologic Disorder -- Nursing Care of the Child with a Disorder of the Eyes or Ears -- Nursing Care of the Child with a Respiratory Disorder -- Nursing Care of the Child with a Cardiovascular Disorder -- Nursing Care of the Child with a Gastrointestinal Disorder -- Nursing Care of the Child with a Genitourinary Disorder -- Nursing Care of the Child with a Neuromuscular Disorder -- Nursing Care of the Child with a Musculoskeletal Disorder -- Nursing Care of the Child with a Integumentary Disorder -- Nursing Care of the Child with a Hematologic Disorder -- Nursing Care of the Child with an Immunologic Disorder -- Nursing Care of the Child with an Endocrine Disorder -- Nursing Care of the Child with a Neoplastic Disorder -- Nursing Care of the Child with a Genetic Disorder -- Nursing Care of the Child with a Cognitive or Mental Health Disorder -- Nursing Care during a Pediatric Emergency.
526 _aP203
526 _aP200
526 _aSEG65
526 _aSEG64
526 _aSEG63
526 _aSEG62
526 _aSEG61
526 _aSEG60
526 _aSEG59
526 _aSEG58
526 _aSEG57
526 _aSEG56
526 _aSEG55
526 _aSEG54
526 _aSEG53
526 _aSEG52
526 _aSEG51
526 _aSEG50
526 _aSEG49
526 _aSEG48
526 _aSEG47
526 _aSEG46
526 _aSEG24
526 _aSEG23
526 _aSEG22
526 _aSEG21
526 _aSEG20
526 _aSEG19
526 _aSEG18
526 _aSEG17
526 _aSEG16
526 _aSEG14
526 _aSEG13
526 _aSEG12
526 _aSEG11
526 _aSEG10
526 _aSEG09
526 _aSEG06
526 _aSEG05
526 _aSEG04
526 _aSEG03
526 _aSEG02
526 _aSEG68
526 _aSEG66
526 _aSEG45
526 _aSEG25
526 _aSEG01
526 _aP163
526 _aP162
526 _aP161
526 _aP160
526 _aP159
526 _aP158
526 _aP157
526 _aP156
526 _aP155
526 _aP154
526 _aP153
526 _aP152
526 _aP151
526 _aP150
526 _aP149
526 _aP142
526 _aP141
526 _aP140
526 _aP139
526 _aP138
526 _aP137
526 _aP132
526 _aP131
526 _aP130
526 _aP126
526 _aP125
526 _aP124
526 _aP123
526 _aP115
526 _aP122
526 _aP121
526 _aP116
526 _a P114
526 _aP112
526 _aP111
526 _aP104
526 _aP103
526 _aP102
526 _aP101
526 _aP100
526 _aP96
526 _aP95
526 _aP93
526 _aP92
526 _aP91
526 _aP88
526 _aP83
526 _aP82
526 _aP79
526 _aP78
526 _aP75
526 _aP74
526 _aP71
526 _aP69
526 _a P51
526 _aP49
526 _aP48
526 _aP47
526 _aP33
526 _aP31
526 _a P30
526 _aP29
526 _aP27
526 _aP26
526 _aP25
526 _aP24
526 _a P22
526 _aP10
526 _aP09
526 _a P08
526 _aP06
526 _aP05
526 _aP04
526 _aP01
541 _g001-000244;
650 0 4 _aEnfermería de maternidad.
650 0 4 _aEnfermería materno Infantil.
650 0 4 _aEnfermería pediátrica.
700 1 _aKyle, Terri,
_eautor.
910 _bjv
_cng
_d20100927
942 _2ddc
_cBOOK
949 _a610.7362 S29
_wDEWEY
_c1
_i62119
_d2015-9-16
_e2015-9-15
_lCCODEBUL1
_mBUL
_n2
_p117.00
_r0
_sY
_tBOOK
_u2015-7-6
_xSALUD
_PP22
_0COMPRA
_o.STAFF. Colección Ciencias de la Salud
994 _aC0
_bPEPRU
596 _a1
999 _a610.7362 S29
_wDEWEY
_c51207
_i62119
_d51207
_e2015-9-15
_f2021-11-3
_g5
_lCCODEBUL1
_mBUL
_n2
_p117.00
_r0
_sY
_tBOOK
_u2015-7-6
_xSALUD
_zP22
_0COMPRA
_o.STAFF. Colección Ciencias de la Salud
980 _81
_gALBERTO SANCHEZ Responsable de Automatización